[Event "ROM-ch U14 Boys"]
[Site "Voineasa"]
[Date "2008.04.15"]
[Round "6"]
[White "Florea, Catalin"]
[Black "Bucur, Denis"]
[Result "1-0"]
[WhiteElo "401"]
[BlackElo "401"]
[PlyCount "37"]
[EventDate "2008.04.08"]
[EventType "swiss"]
[EventRounds "9"]
[EventCountry "ROU"]
[SourceTitle "EXT 2013"]
[Source "ChessBase"]
[SourceDate "2012.11.22"]
[SourceVersion "1"]
[SourceVersionDate "2012.11.22"]
[SourceQuality "1"]

1. e4 e5 2. Nf3 Nc6 3. Bc4 Nf6 4. Nc3 d6 5. h3 Be7 6. d3 0-0 7. a3 Be6 8. Bxe6 fxe6 9. Ng5 Qd7 10. Be3 Rab8 11. 0-0 b6 12. Qf3 Nd8 13. Qg3 Qe8 14. a4 Nh5 15. Qg4 Nf6 16. Qg3 Nh5 17. Qh4 a6 18. Ne2 Nf6 19. Nxe6 1-0